迟语天才 (Record no. 52568)

000 -LEADER
fixed length control field 00491nam a22001937a 4500
003 - CONTROL NUMBER IDENTIFIER
control field MPLRDC
005 - DATE AND TIME OF LATEST TRANSACTION
control field 20220104151824.0
008 - FIXED-LENGTH DATA ELEMENTS--GENERAL INFORMATION
fixed length control field 210129b ||||| |||| 00| 0 eng d
020 ## - INTERNATIONAL STANDARD BOOK NUMBER
International Standard Book Number 957-451-076-X
082 ## - DEWEY DECIMAL CLASSIFICATION NUMBER
Classification number 415.9465 SOWE
100 ## - MAIN ENTRY--PERSONAL NAME
Personal name THOMAS SOWEL
245 ## - TITLE STATEMENT
Title 迟语天才
Statement of responsibility, etc. 李郁芬译
250 ## - EDITION STATEMENT
Edition statement 一版一刷
260 ## - PUBLICATION, DISTRIBUTION, ETC.
Place of publication, distribution, etc.
Name of publisher, distributor, etc. 新苗文化事业有限公司
Date of publication, distribution, etc. 2002
300 ## - PHYSICAL DESCRIPTION
Other physical details
490 ## - SERIES STATEMENT
Series statement 教养文库. 106
650 ## - SUBJECT ADDED ENTRY--TOPICAL TERM
Topical term or geographic name entry element 语言不整
942 ## - ADDED ENTRY ELEMENTS (KOHA)
Koha item type Book
-- 415.9465 SOWE
Holdings
Withdrawn status Lost status Source of classification or shelving scheme Damaged status Not for loan Collection code Home library Current library Shelving location Date acquired Cost, normal purchase price Total Checkouts Full call number Barcode Date last seen Date last checked out Price effective from Koha item type Public note
            Malaysian Public Library, Research and Development Centre Malaysian Public Library, Research and Development Centre   10/12/2007 33.07   415.9465 SOWE 00052746 18/03/2021 28/10/2012 18/03/2021 Book mplrdc

© 2022. Malaysian Public Library, Research and Development Centre. All Right ReservedE-mailmplrdc@help.edu.my 

Powered by Koha